Представление документа в формате MARC21

ПолеНазваниеЗначение
  Тип записи a
  Библиографический уровень m
001 Контрольный номер RU\infra-m\znanium\bibl\2232497
005 Дата корректировки 20260429142320.1
008 Кодируемые данные 251111s2025 RU g rus u
020 Индекс ISBN __
a ISBN 978-5-369-01404-2
020 Индекс ISBN __
a ISBN 978-5-16-102538-3 (электр. издание)
020 Индекс ISBN __
a ISBN 978-5-16-010519-2 (ISBN соиздателя)
040 Источник каталогиз. __
a Служба первич. каталог. Общество с ограниченной ответственностью «ЗНАНИУМ»
041 Код языка издания __
a Код языка текста rus
044 Код страны публикации __
a Код страны публикации RU
080 Индекс УДК __
a Индекс УДК 519.1:575(075.4)
084 Индекс другой классификации/Индекс ББК __
2 Источник индекса rubbk
a Индекс другой классификации/Индекс ББК 22.1:28.04
084 Индекс другой классификации/Индекс ББК __
2 Источник индекса okso
a Индекс другой классификации/Индекс ББК 01.03.01
084 Индекс другой классификации/Индекс ББК __
2 Источник индекса okso
a Индекс другой классификации/Индекс ББК 01.04.01
084 Индекс другой классификации/Индекс ББК __
2 Источник индекса okso
a Индекс другой классификации/Индекс ББК 02.03.01
084 Индекс другой классификации/Индекс ББК __
2 Источник индекса okso
a Индекс другой классификации/Индекс ББК 06.03.01
084 Индекс другой классификации/Индекс ББК __
2 Источник индекса okso
a Индекс другой классификации/Индекс ББК 19.03.01
084 Индекс другой классификации/Индекс ББК __
2 Источник индекса okso
a Индекс другой классификации/Индекс ББК 19.04.01
084 Индекс другой классификации/Индекс ББК __
2 Источник индекса okso
a Индекс другой классификации/Индекс ББК 44.03.05
100 Автор __
a Автор Гупал В.М.
q Полное имя Гупал Виталий Михайлович
u Дополнение Военная академия Ракетных войск стратегического назначения им. Петра Великого
245 Заглавие __
a Заглавие Математика и загадочный генетический код
b Продолж. заглавия Монография
c Ответственность Военная академия Ракетных войск стратегического назначения им. Петра Великого
250 Сведения об издании __
a Основные сведения об издании 2
260 Выходные данные __
a Место издания Москва
b Издательство Издательский Центр РИОР
c Дата издания 2026
300 Физическое описание __
a Объем 288 с.
440 Серия __
a Серия Научная мысль
520 Аннотация __
a Аннотация Монография посвящена актуальным проблемам современной генетики и вопросам анализа и распознавания генетического кода. В области генетики остается много неизвестного и неисследованного особенно в системе генетического кодирования. В книге проведен сравнительный анализ методов распознавания. Отмечается что байесовский подход является основой процедур индуктивного вывода как оптимальный для всего класса задач распознавания и может быть широко использован для решения задач в различных отраслях науки в том числе в биологии и генетике. Приведен пример байесовской процедуры распознавания для прогнозирования вторичной структуры белка на основе булевых функций. Для научных работников студентов биологических специальностей и математиков а также для широкого круга читателей интересующихся проблемами статистической теории машинного обучения биоинформатики и генетики
521 Примеч. о цел. назн. __
a Примеч. о целев. назн. Дополнительное профессиональное образование
650 Тематические рубрики __
a Основная рубрика Физико-математические науки
x Основная подрубрика Математика
655 Указ. предметных рубрик (устаревшее) __
a Жанр/ форма (устаревшее) Монография
856 Электронный адрес документа 4_
a Имя сервера/домена znanium.ru
m Помощь ebs_support@infra-m.ru
n Местонахождение сервера НИЦ ИНФРА-М
u URL https://znanium.ru/catalog/document?id=472136
856 Электронный адрес документа 48
a Имя сервера/домена znanium.ru
d Путь /cover/2232
f Электронное имя 2232497.jpg
q Тип электронного формата image/jpeg
u URL https://znanium.ru/cover/2232/2232497.jpg
911 __
u 0030=https://znanium.ru/catalog/document?id=472136